LEADER 03771oam 2200637 c 450 001 996582046403316 005 20220221094418.0 010 $a3-8394-6037-9 024 3 $a9783839460375 035 $a(CKB)4100000012050159 035 $a(MiAaPQ)EBC6742530 035 $a(Au-PeEL)EBL6742530 035 $a(OCoLC)1273979255 035 $a(transcript Verlag)9783839460375 035 $a(DE-B1597)596610 035 $a(DE-B1597)9783839460375 035 $a(OCoLC)1280943074 035 $a(EXLCZ)994100000012050159 100 $a20220221d2021 uy 0 101 0 $ager 135 $aurcnu|||||||| 181 $ctxt$2rdacontent 182 $cc$2rdamedia 183 $acr$2rdacarrier 200 10$aNarco-Rap$eEine kulturwissenschaftliche Perspektive auf die Grenzstadtperipherie und das organisierte Verbrechen in Mexiko$fChristiane M. Goßen 205 $a1st ed. 210 $aBielefeld$ctranscript Verlag$d2021 215 $a1 online resource (277 pages) 225 0 $aCultural Studies$v55 311 $a3-8376-6037-0 327 $aFrontmatter 1 Inhalt 5 Danksagung 7 Prolog 9 1 Einleitung 11 2 Die Entstehung des Narco-Rap im soziopolitischen Kontext 31 3 Eine Kontextualisierung mithilfe anthropologischer Parameter 59 4 Raum: Peripherien, Zentren und die Staatsgrenze 87 5 Imaginarien: Drogen, Krieg und Glaube 131 6 Identita?t: Grenzstadtbu?rger, Kartellmitglieder und Rapper 179 7 Die Erma?chtigung der Peripherie: Ein unerfu?lltes Versprechen 229 Epilog 237 Narco-Rap-Glossar 239 Analysekorpus 243 Literaturverzeichnis 257 330 $aDer mexikanische Narco-Rap entstand im Jahr 2008 innerhalb des Drogenkriegs in den Sta?dten entlang der US-amerikanischen Grenze. Er dokumentiert die bewaffneten Auseinandersetzungen, welche die Grenzsta?dte fast ta?glich erschu?ttern. Gleichzeitig wird er vom organisierten Verbrechen zu Propagandazwecken instrumentalisiert, wodurch er sich von anderen Rap-Genres abhebt. Christiane M. Goßen zeigt, wie durch diese Instrumentalisierung im Narco-Rap aus einer ungewo?hnlichen Perspektive soziale und existenzielle Ra?ume, Imaginarien und urbane Identita?ten inklusive bestimmter Rollenerfu?llungen (re-)pra?sentiert werden. Damit bietet ihre Studie einen Einblick in die Bedeutung der Drogenkriminalita?t fu?r das Leben in den Grenzsta?dten Mexikos. 330 1 $aO-Ton: »Wie ein Pakt mit dem Teufel« - Christiane Großen im Interview bei Deutschlandfunk - Tonart am 20.10.2021. 410 0$aCultural Studies 606 $aRap; Musik; Kultur; Mexiko; Grenze; Drogenkrieg; Organisiertes Verbrechen; Kriminalita?t; Armut; Popkultur; Raum; Cultural Studies; Popmusik; Lateinamerika; Kulturwissenschaft; Music; Culture; Mexico; Border; Drug War; Organised Crime; Poverty; Popular Culture; Space; Pop Music; Latin America; 610 $aBorder. 610 $aCultural Studies. 610 $aCulture. 610 $aDrug War. 610 $aLatin America. 610 $aMexico. 610 $aMusic. 610 $aOrganised Crime. 610 $aPop Music. 610 $aPopular Culture. 610 $aPoverty. 610 $aSpace. 615 4$aRap; Musik; Kultur; Mexiko; Grenze; Drogenkrieg; Organisiertes Verbrechen; Kriminalita?t; Armut; Popkultur; Raum; Cultural Studies; Popmusik; Lateinamerika; Kulturwissenschaft; Music; Culture; Mexico; Border; Drug War; Organised Crime; Poverty; Popular Culture; Space; Pop Music; Latin America; 700 $aGoßen$b Christiane M$pUniversita?t Duisburg-Essen, Deutschland$4aut$01725382 801 0$bMiAaPQ 801 1$bMiAaPQ 801 2$bMiAaPQ 906 $aBOOK 912 $a996582046403316 996 $aNarco-Rap$94128387 997 $aUNISA LEADER 01314oam 2200445zu 450 001 9910130710203321 005 20241212220408.0 010 $a9781467304825 010 $a1467304824 035 $a(CKB)3420000000000437 035 $a(SSID)ssj0000702778 035 $a(PQKBManifestationID)12278728 035 $a(PQKBTitleCode)TC0000702778 035 $a(PQKBWorkID)10686100 035 $a(PQKB)11442552 035 $a(NjHacI)993420000000000437 035 $a(EXLCZ)993420000000000437 100 $a20160829d2012 uy 101 0 $aeng 135 $aur||||||||||| 181 $ctxt 182 $cc 183 $acr 200 10$a2012 IEEE Workshop on Advanced Robotics and its Social Impacts 210 31$a[Place of publication not identified]$cIEEE$d2012 215 $a1 online resource (107 pages) 300 $aBibliographic Level Mode of Issuance: Monograph 311 08$a9781467304818 311 08$a1467304816 606 $aRobotics$xResearch$vCongresses 606 $aRobots$xDynamics$vCongresses 615 0$aRobotics$xResearch 615 0$aRobots$xDynamics 676 $a629.892 702 $aieee 801 0$bPQKB 906 $aPROCEEDING 912 $a9910130710203321 996 $a2012 IEEE Workshop on Advanced Robotics and its Social Impacts$92546250 997 $aUNINA LEADER 02395oas 2200985 a 450 001 9910134712703321 005 20260203110115.0 011 $a1471-2334 035 $a(DE-599)ZDB2041550-3 035 $a(OCoLC)47657386 035 $a(CONSER) 2002243090 035 $a(CKB)111000136906036 035 $a(DE-599)2041550-3 035 $a(EXLCZ)99111000136906036 100 $a20010726a20019999 sy 101 0 $aeng 135 $aurcn||||||||| 181 $ctxt$2rdacontent 182 $cc$2rdamedia 183 $acr$2rdacarrier 200 00$aBMC infectious diseases 210 $aLondon $cBioMed Central$d[2001]- 300 $aRefereed/Peer-reviewed 300 $aTitle from BioMed Central archive volume screen (viewed Feb. 15, 2002). 517 3 $aBioMed Central infectious diseases 517 3 $aInfectious diseases 531 10$aBMC Infect Dis 606 $aCommunicable diseases$vPeriodicals 606 $aCommunicable Diseases 606 $aSexually Transmitted Diseases 606 $aCommunicable Diseases$2ebps 606 $aCommunicable diseases$2fast$3(OCoLC)fst00869883 608 $aPeriodical. 608 $aFulltext. 608 $aInternet Resources. 608 $aPeriodicals. 608 $aPeriodicals.$2fast 615 0$aCommunicable diseases 615 12$aCommunicable Diseases. 615 22$aSexually Transmitted Diseases. 615 7$aCommunicable Diseases. 615 7$aCommunicable diseases. 801 0$bCOU 801 1$bCOU 801 2$bOCLCQ 801 2$bNLM 801 2$bCUS 801 2$bCAS 801 2$bWAU 801 2$bNLM 801 2$bOCLCQ 801 2$bCUS 801 2$bOCLCQ 801 2$bHEBIS 801 2$bUKMGB 801 2$bOCLCQ 801 2$bGBVCP 801 2$bOCLCQ 801 2$bTWT 801 2$bOCLCF 801 2$bOCLCO 801 2$bEUW 801 2$bOCLCO 801 2$bOCLCQ 801 2$bOCLCO 801 2$bOCLCQ 801 2$bCASUM 801 2$bOCLCO 801 2$bOCLCA 801 2$bWT2 801 2$bGWDNB 801 2$bNLE 801 2$bOCLCA 801 2$bOCLCQ 801 2$bAU@ 801 2$bOCLCA 801 2$bDLC 801 2$bOCLCQ 801 2$bSRU 801 2$bBWN 801 2$bOCLCQ 906 $aJOURNAL 912 $a9910134712703321 996 $aBMC infectious diseases$92266971 997 $aUNINA